Spoločenská kartová hra

Salvato in:
Dettagli Bibliografici
Autore principale: Šefčík, Šimon (Autore)
Altri autori: Čavojský, Maroš (Relatore della tesi)
Natura: Manoscritto Libro
Lingua:slovacco
Pubblicazione: Bratislava : STU v Bratislave FEI, 2022
Soggetti:
Accesso online:https://opac.crzp.sk/?fn=detailBiblioFormChildS10A9K&sid=85CE14C1EED0152B7839D89735B2&seo=CRZP-detail-kniha
Tags: Aggiungi Tag
Nessun Tag, puoi essere il primo ad aggiungerne!!

MARC

LEADER 00000ntm a22000003a 4500
001 stuzp86958
003 SK-STU
005 20230403120916.6
007 ta
008 150427s2015----xo-----f-mn---000-0-slo-d
040 |a STU  |b slo 
041 0 |a slo 
044 |a xo 
100 1 |a Šefčík, Šimon  |u 035000  |4 aut  |U FEI Fakulta elektrotechniky a informatiky  |T FEI Ústav informatiky a matematiky  |X 103191  |U E050  |Y 816  |7 103191 
242 0 1 |a Multiplayer card game  |y eng 
245 1 0 |a Spoločenská kartová hra 
260 |a Bratislava :  |b STU v Bratislave FEI,  |c 2022 
300 |a 41 s., príl. 
650 4 |a Client Relayed Multiplayer  |2 slo 
650 4 |a Card Game Framework  |2 slo 
650 4 |a Kráľovské rošády  |2 slo 
650 4 |a Card Game Framework  |2 eng 
650 4 |a Client Relayed Multiplayer  |2 eng 
650 4 |a Gambit Royale  |2 eng 
700 1 |a Čavojský, Maroš  |u 035000  |k Z1  |4 ths  |U FEI Fakulta elektrotechniky a informatiky  |T FEI Ústav informatiky a matematiky  |X 64790  |U E050  |Y 816  |7 A000064790 
856 4 |u https://opac.crzp.sk/?fn=detailBiblioFormChildS10A9K&sid=85CE14C1EED0152B7839D89735B2&seo=CRZP-detail-kniha